[Event "Montebelluna op-B 5th"]
[Site "Montebelluna"]
[Date "2007.03.09"]
[Round "1"]
[White "Mancin, Michele"]
[Black "Fausone, Vicenzo"]
[Result "1-0"]
[WhiteElo "1626"]
[BlackElo "1443"]
[PlyCount "59"]
[EventDate "2007.03.09"]
[EventType "swiss"]
[EventRounds "5"]
[EventCountry "ITA"]
[SourceTitle "EXT 2008"]
[Source "ChessBase"]
[SourceDate "2007.11.25"]
[SourceVersion "1"]
[SourceVersionDate "2007.11.25"]
[SourceQuality "1"]

1. e4 e5 2. Nf3 Nc6 3. Bb5 d6 4. h3 a6 5. Ba4 Bd7 6. 0-0 Nf6 7. d3 Be7 8. Re1 0-0 9. c3 Na7 10. Bc2 h6 11. Nbd2 Re8 12. Nf1 Bf8 13. Ng3 Nc6 14. a3 Ne7 15. d4 Ng6 16. b4 b6 17. Bb2 Bc8 18. Qd2 Bb7 19. c4 exd4 20. Qxd4 c5 21. Qd2 Nd7 22. Rad1 Nde5 23. Nxe5 Nxe5 24. Qc3 Qc7 25. Nf5 Rad8 26. f4 Ng6 27. Nxg7 Re7 28. Nh5 f6 29. Nxf6+ Kf7 30. Nh5 1-0